000 00335nam a2200133Ia 4500
005 20251222153630.0
008 251222s9999||||xx |||||||||||||| ||spa||
082 _a801/E42
100 _a Ellis, Geoffrey
245 0 _aNapoleón Bonaparte
250 _a1ra .ed
264 _bBiblioteca ABC portagonistas de la historia
942 _cLIB
999 _c32345
_d32345